|
|
|
|
| LEADER |
03308nam a22004815i 4500 |
| 001 |
978-3-642-11024-5 |
| 003 |
DE-He213 |
| 005 |
20151123195157.0 |
| 007 |
cr nn 008mamaa |
| 008 |
110628s2011 gw | s |||| 0|ita d |
| 020 |
|
|
|a 9783642110245
|9 978-3-642-11024-5
|
| 024 |
7 |
|
|a 10.1007/978-3-642-11024-5
|2 doi
|
| 040 |
|
|
|d GrThAP
|
| 050 |
|
4 |
|a QA370-380
|
| 072 |
|
7 |
|a PBKJ
|2 bicssc
|
| 072 |
|
7 |
|a MAT007000
|2 bisacsh
|
| 082 |
0 |
4 |
|a 515.353
|2 23
|
| 245 |
1 |
0 |
|a Dinamica dei gas rarefatti
|h [electronic resource] /
|c edited by C. Ferrari.
|
| 264 |
|
1 |
|a Berlin, Heidelberg :
|b Springer Berlin Heidelberg,
|c 2011.
|
| 300 |
|
|
|a IV, 425 pagg. 54 figg.
|b online resource.
|
| 336 |
|
|
|a text
|b txt
|2 rdacontent
|
| 337 |
|
|
|a computer
|b c
|2 rdamedia
|
| 338 |
|
|
|a online resource
|b cr
|2 rdacarrier
|
| 347 |
|
|
|a text file
|b PDF
|2 rda
|
| 490 |
1 |
|
|a C.I.M.E. Summer Schools ;
|v 33
|
| 505 |
0 |
|
|a C. Ferrari: Premessa -- M.S.v. Krzywoblocki: The mathematical aspects of rarefied gas dynamics as applied to hypersonic, reentry and magneto-ggas-dynamics -- J. Kampé de Fériet: La théorie de l´information et la mécanique statistique classique des systèmes en équilibre -- M. Lunc: Equations de transport -- I. Estermann: 1. Applications of molecular beams to problems in rarefied gas dynamics. 2. Experimental methods in rarefied gas dynamics -- S. Nocilla: Sull´integrazione tra flussi di molecole libere e superfici rigide -- F. Sernagiotto: Solution of Rayleigh’s problem for the whole range of Knudsen numbers -- G. Tironi: Linearized Rayleigh’s Problem in magnetogasdynamics -- D. Graffi: Alcuni richiami sulla ionosfera -- C. Agostinelli: Le equazioni delle onde d’urto in un gas rarefatto elettricamente conduttore soggetto a un campo magnetico.
|
| 520 |
|
|
|a C. Ferrari: Premessa.- M.S.v. Krzywoblocki: The mathematical aspects of rarefied gas dynamics as applied to hypersonic, reentry and magneto-ggas-dynamics.- J. Kampé de Fériet: La théorie de l´information et la mécanique statistique classique des systèmes en équilibre.- M. Lunc: Equations de transport.- I. Estermann: 1. Applications of molecular beams to problems in rarefied gas dynamics. 2. Experimental methods in rarefied gas dynamics.- S. Nocilla: Sull´integrazione tra flussi di molecole libere e superfici rigide.- F. Sernagiotto: Solution of Rayleigh’s problem for the whole range of Knudsen numbers.- G. Tironi: Linearized Rayleigh’s Problem in magnetogasdynamics.- D. Graffi: Alcuni richiami sulla ionosfera.- C. Agostinelli: Le equazioni delle onde d’urto in un gas rarefatto elettricamente conduttore soggetto a un campo magnetico.
|
| 650 |
|
0 |
|a Mathematics.
|
| 650 |
|
0 |
|a Partial differential equations.
|
| 650 |
|
0 |
|a Thermodynamics.
|
| 650 |
|
0 |
|a Continuum mechanics.
|
| 650 |
1 |
4 |
|a Mathematics.
|
| 650 |
2 |
4 |
|a Partial Differential Equations.
|
| 650 |
2 |
4 |
|a Continuum Mechanics and Mechanics of Materials.
|
| 650 |
2 |
4 |
|a Thermodynamics.
|
| 700 |
1 |
|
|a Ferrari, C.
|e editor.
|
| 710 |
2 |
|
|a SpringerLink (Online service)
|
| 773 |
0 |
|
|t Springer eBooks
|
| 776 |
0 |
8 |
|i Printed edition:
|z 9783642110238
|
| 830 |
|
0 |
|a C.I.M.E. Summer Schools ;
|v 33
|
| 856 |
4 |
0 |
|u http://dx.doi.org/10.1007/978-3-642-11024-5
|z Full Text via HEAL-Link
|
| 912 |
|
|
|a ZDB-2-SMA
|
| 950 |
|
|
|a Mathematics and Statistics (Springer-11649)
|